Estampas virreinales americanas

I tiakina i:
Ngā taipitopito rārangi puna kōrero
Kaituhi matua: Levillier, Roberto (Author)
Hōputu: Pukapuka
Reo:Pāniora
I whakaputaina: Buenos Aires Espasa-Calpe Argentina 1942
Putanga:2a. ed
Ngā marau:
Ngā Tūtohu: Tāpirihia he Tūtohu
Kāore He Tūtohu, Me noho koe te mea tuatahi ki te tūtohu i tēnei pūkete!

MARC

LEADER 00000nam a2200000 a 4500
001 UCV3434
003 CL-VaPUC
008 930723e19420000AG |||||||||||||||||spa|d
082 0 4 |a 980  |b LEV  |2 21 
100 |a Levillier, Roberto  |e author  |9 523218 
245 1 0 |a Estampas virreinales americanas 
250 |a 2a. ed 
300 |a 170 p 
942 |c BK 
945 |d 19930723 00:00:00 
260 |a Buenos Aires  |b Espasa-Calpe Argentina  |c 1942 
650 0 |a Historia y crítica   |9 257407 
650 0 |a Virreinatos  |9 445304 
651 0 |a América Latina   |9 255027 
583 |a last modification  |c 19930723 00:00:00  |k Rodrigo Vera 
999 |c 210661  |d 210659 
952 |0 0  |1 0  |4 0  |6 980_000000000000000_LEV_1942  |7 0  |8 DER_HDC  |9 187053  |a BIBDER  |b BIBDER  |d 2019-11-14  |i 2546981  |o 980 LEV 1942  |p 2546981  |r 2023-01-25  |w 2019-11-14  |x Ubicación 4to Piso  |y BK  |z Estos recursos deben solicitarse con anticipación  |k DER